Advanced combat man system / (Record no. 615874)

000 -LEADER
fixed length control field 00683nam a22001817a 4500
003 - CONTROL NUMBER IDENTIFIER
control field NUST
005 - DATE AND TIME OF LATEST TRANSACTION
control field 20260120154648.0
082 ## - DEWEY DECIMAL CLASSIFICATION NUMBER
Classification number 621.382,REH
100 ## - MAIN ENTRY--PERSONAL NAME
Personal name Rehman, Naveel
9 (RLIN) 132850
245 ## - TITLE STATEMENT
Title Advanced combat man system /
Statement of responsibility, etc. Naveel Rehman, M Junaid Aslam, Sabeeh Bukhari and Hasan Masood (BETE-52)
260 ## - PUBLICATION, DISTRIBUTION, ETC.
Place of publication, distribution, etc. Rawalpindi
Name of publisher, distributor, etc. MCS (NUST)
Date of publication, distribution, etc. June, 2019
300 ## - PHYSICAL DESCRIPTION
Extent xii,58 p.;
505 ## - FORMATTED CONTENTS NOTE
Formatted contents note Introduction (Page-1), Operational Procedure (Page-6), Network Description – Intelligent Pairing (Page-10), Tplink-5210 Page-15), Conclusion (Page-23).
650 ## - SUBJECT ADDED ENTRY--TOPICAL TERM
Topical term or geographic name entry element UG Project
9 (RLIN) 131132
651 ## - SUBJECT ADDED ENTRY--GEOGRAPHIC NAME
Geographic name BETE-52
9 (RLIN) 132848
700 ## - ADDED ENTRY--PERSONAL NAME
Personal name Supervised by Dr. Abdul Wakeel
9 (RLIN) 132711
942 ## - ADDED ENTRY ELEMENTS (KOHA)
Source of classification or shelving scheme
Koha item type Project Report
Holdings
Withdrawn status Lost status Source of classification or shelving scheme Damaged status Not for loan Permanent Location Current Location Shelving location Date acquired Total Checkouts Full call number Barcode Date last seen Price effective from Koha item type Public note
          Military College of Signals (MCS) Military College of Signals (MCS) Reference 01/20/2026   621.382,REH MCSPTE-281 01/20/2026 01/20/2026 Project Report Almirah No.90, Shelf No.4
© 2023 Central Library, National University of Sciences and Technology. All Rights Reserved.